| 000 | 01232cam a22002894a 4500 | ||
|---|---|---|---|
| 999 |
_c16545 _d16545 |
||
| 001 | 13384415 | ||
| 005 | 20161115094649.0 | ||
| 008 | 031027s2004 nyuaf b 001 0deng | ||
| 010 | _a 2003061534 | ||
| 020 | _a0773465731 | ||
| 040 |
_aDLC _cDLC |
||
| 042 | _apcc | ||
| 043 | _aa-cc--- | ||
| 050 | 0 | 0 |
_aN7343 _b.B36 2004 |
| 082 | 0 | 0 |
_a709/.51 _222 |
| 100 | 1 | _aBao, Yuheng. | |
| 245 | 1 | 0 |
_aAncient and classic art of China = _b[Zhongguo gu dai yu gu dian yi shu] / _cYuheng Bao. |
| 246 | 3 | 1 | _aZhongguo gu dai yu gu dian yi shu |
| 260 |
_aLewiston, N.Y. : _bE. Mellen Press, _cc2004. |
||
| 300 |
_axii, 203 p., 40 leaves of plates : _bcol. ill. ; _c29 cm. |
||
| 500 | _aParallel title in Chinese characters. | ||
| 504 | _aIncludes bibliographical references (p. 197-200) and index. | ||
| 650 | 0 | _aArt, Chinese. | |
| 906 |
_a7 _bcbc _corignew _d1 _eocip _f20 _gy-gencatlg |
||
| 942 |
_2lcc _cBOOKS _hN7343 .B36 2004 |
||